Southville International School and Colleges
Your cart is empty.
  • Cart
  • Lists
    Public lists Eva Luna New books Lux_list list_1
    Your lists Log in to create your own lists
  • Log in to your account
  • Your cookies
  • Search history
Southville International School and Colleges
  • Advanced search
  • Recent comments
  • Most popular
  • Libraries

Log in to your account

Log in with GOOGLE


If you do not have an external account, but do have a local account, you can still log in:

  1. Home
  2. MARC view: Foundations and clinical applications of nutrition:
Normal view MARC view ISBD view

Foundations and clinical applications of nutrition: (Record no. 20584)

[ view plain ]
MARC details
000 -LEADER
fixed length control field 00579nam a2200217 a 4500
005 - DATE AND TIME OF LATEST TRANSACTION
control field 20140310183239.0
008 - FIXED-LENGTH DATA ELEMENTS--GENERAL INFORMATION
fixed length control field 040630s19uu xx 00 eng d
020 ## - INTERNATIONAL STANDARD BOOK NUMBER
International Standard Book Number 0323020097
050 ## - LIBRARY OF CONGRESS CALL NUMBER
Classification number RM 216
Item number .G946 2004
100 ## - MAIN ENTRY--PERSONAL NAME
Personal name Grodner, Michele
245 ## - TITLE STATEMENT
Title Foundations and clinical applications of nutrition:
Remainder of title a nursing approach.
250 ## - EDITION STATEMENT
Edition statement 3rd.
260 ## - PUBLICATION, DISTRIBUTION, ETC. (IMPRINT)
Place of publication, distribution, etc U.S.A :
Name of publisher, distributor, etc Mosby,
Date of publication, distribution, etc 2005.
300 ## - PHYSICAL DESCRIPTION
Extent 884 p. :
Other physical details ill. ;
Dimensions 26 cm.
521 ## - TARGET AUDIENCE NOTE
Target audience note
650 ## - SUBJECT ADDED ENTRY--TOPICAL TERM
Topical term or geographic name as entry element Nutrition.
700 ## - ADDED ENTRY--PERSONAL NAME
Personal name Long, Sara
700 ## - ADDED ENTRY--PERSONAL NAME
Personal name DeYoung, Sandra
942 ## - ADDED ENTRY ELEMENTS (KOHA)
Koha item type Books
Source of classification or shelving scheme Library of Congress Classification
Call number prefix Foreign
Holdings
Withdrawn status Lost status Source of classification or shelving scheme Damaged status Home library Current library Shelving location Date acquired Total Checkouts Full call number Barcode Date last seen Copy number Price effective from Koha item type
    Library of Congress Classification   College Library College Library General Circulation Section 12/18/2013   RM 216 .G946 2004 C6159 05/15/2018 1 12/18/2013 Books

Foundations and clinical applications of nutrition:

APA

Grodner M., Long S. & DeYoung S. (2005). Foundations and clinical applications of nutrition. U.S.A: Mosby.

Chicago

Grodner Michele, Long Sara and DeYoung Sandra. 2005. Foundations and clinical applications of nutrition. U.S.A: Mosby.

Harvard

Grodner M., Long S. and DeYoung S. (2005). Foundations and clinical applications of nutrition. U.S.A: Mosby.

MLA

Grodner Michele, Long Sara and DeYoung Sandra. Foundations and clinical applications of nutrition. U.S.A: Mosby. 2005.

  • Place hold
  • Print
  • Cite
  • Add to your cart (remove)
  • Save record
    BIBTEX Dublin Core MARCXML MARC (non-Unicode/MARC-8) MARC (Unicode/UTF-8) MARC (Unicode/UTF-8, Standard) MODS (XML) RIS
  • More searches
    Search for this title in:
    Other Libraries (WorldCat) Other Databases (Google Scholar) Online Stores (Bookfinder.com) Open Library (openlibrary.org)

Exporting to Dublin Core...

SOUTHVILLE LIBRARY

Southville International School and Colleges Library

1281 Tropical Ave. Cor. Luxembourg St., BF Homes International, Las Pinas City

Tel. No. 8256374 / 252358 Loc. 117/146

Powered by Koha